Southville International School and Colleges
Your cart is empty.
  • Cart
  • Lists
    Public lists list_1 View all
    Your lists Log in to create your own lists
  • Log in to your account
  • Your cookies
  • Search history
Southville International School and Colleges
  • Advanced search
  • Recent comments
  • Most popular
  • Libraries

Log in to your account

Log in with GOOGLE


If you do not have an external account, but do have a local account, you can still log in:

  1. Home
  2. MARC view: Exploring the affordances of mindmeister for collaborative learning :
Normal view MARC view ISBD view

Exploring the affordances of mindmeister for collaborative learning : (Record no. 120933)

[ view plain ]
MARC details
000 -LEADER
fixed length control field 00656nam a2200205Ia 4500
008 - FIXED-LENGTH DATA ELEMENTS--GENERAL INFORMATION
fixed length control field 140626s9999 xx 000 0 und d
100 ## - MAIN ENTRY--PERSONAL NAME
Personal name Koh, Meng Hoe.
245 ## - TITLE STATEMENT
Title Exploring the affordances of mindmeister for collaborative learning :
Remainder of title a pilot study /
Statement of responsibility, etc Meng Hoe Koh ... [et al.].
260 ## - PUBLICATION, DISTRIBUTION, ETC. (IMPRINT)
Date of publication, distribution, etc c2009.
300 ## - PHYSICAL DESCRIPTION
Extent 1 : 2, page 66
440 ## - SERIES STATEMENT/ADDED ENTRY--TITLE
Title The Asian Journal of Educational Research and Synergy
521 ## - TARGET AUDIENCE NOTE
Target audience note
650 ## - SUBJECT ADDED ENTRY--TOPICAL TERM
Topical term or geographic name as entry element Collaborative learning.
650 ## - SUBJECT ADDED ENTRY--TOPICAL TERM
Topical term or geographic name as entry element Mind mapping.
650 ## - SUBJECT ADDED ENTRY--TOPICAL TERM
Topical term or geographic name as entry element Mind meister.
650 ## - SUBJECT ADDED ENTRY--TOPICAL TERM
Topical term or geographic name as entry element Pedagogical affordances.
650 ## - SUBJECT ADDED ENTRY--TOPICAL TERM
Topical term or geographic name as entry element Social affordances.
650 ## - SUBJECT ADDED ENTRY--TOPICAL TERM
Topical term or geographic name as entry element Technological affordance.
942 ## - ADDED ENTRY ELEMENTS (KOHA)
Koha item type Periodicals
Holdings
Withdrawn status Lost status Damaged status Home library Current library Shelving location Date acquired Total Checkouts Barcode Date last seen Price effective from Koha item type
      College Library College Library   06/26/2014   S0041 06/26/2014 06/26/2014 Periodicals

Exploring the affordances of mindmeister for collaborative learning :

APA

Koh M. H., . (2009). Exploring the affordances of mindmeister for collaborative learning. : .

Chicago

Koh Meng Hoe, . 2009. Exploring the affordances of mindmeister for collaborative learning. : .

Harvard

Koh M. H., . (2009). Exploring the affordances of mindmeister for collaborative learning. : .

MLA

Koh Meng Hoe, . Exploring the affordances of mindmeister for collaborative learning. : . 2009.

  • Place hold
  • Print
  • Cite
  • Add to your cart (remove)
  • Save record
    BIBTEX Dublin Core MARCXML MARC (non-Unicode/MARC-8) MARC (Unicode/UTF-8) MARC (Unicode/UTF-8, Standard) MODS (XML) RIS
  • More searches
    Search for this title in:
    Other Libraries (WorldCat) Other Databases (Google Scholar) Online Stores (Bookfinder.com) Open Library (openlibrary.org)

Exporting to Dublin Core...

SOUTHVILLE LIBRARY

Southville International School and Colleges Library

1281 Tropical Ave. Cor. Luxembourg St., BF Homes International, Las Pinas City

Tel. No. 8256374 / 252358 Loc. 117/146

Powered by Koha